LEADER 01011nam a2200217 i 4500 001 000000179181 003 CaOOAMICUS 005 20250826150259.0 008 090505s1972 xxk u000 u mul u 040 $aSeMil$bita 245 10$a7: Books 21.-22. /$cwith an english translation by William M. Green ; and an index to City of God by William M. Green. 300 $aXVII, 461 p. 490 1 $aThe Loeb Classical Library ;$v417 700 1 $aGreen, William McAllen,$d<1897-1979>.$0(OLS)http://semarc/name/66468 773 0 $aAugustinus, Aurelius $tCity of God against the pagans.$dCambridge, Massachusetts : Harvard University Press ; London : Heinemann, 1969-1988.$g7$w()21218 830 4$aThe Loeb Classical Library ;$v417.$0(OLS)http://semarc/title/26868 850 $aSeMil 852 $aSeMil$W1$xVenegono$y1$m1Y I 38/7$j260925$B129946$CSeMilBibl$Z2$F141491 $81 961 $aOmaggio: Villa don Cesare 996 $6245$a7: Books 21.-22.$9(OLS)http://semarc/title/257297 LEADER 00721naa a2200157 i 4500 001 000000296658 003 CaOOAMICUS 005 20180831172549.0 008 180831n xx u000 u und u 013 $a4120 040 $aSeMil$bita 100 1 $aDoré, Joseph,$c.$0(OLS)http://semarc/name/1081 245 10$aChemins de l'exégèse chrétienne d'aujourd'hui :$bune relecture théologique. 650 4$aBibbia - Interpretazione.$0(OLS)http://semarc/subject/1295 773 0 $tÉvangile exploré.$dParis : Les Éditions du Cerf, copyr. 1996.$kLectio divina $z2-204-05434-8$w()51645 996 $6245$aChemins de l'exégèse chrétienne d'aujourd'hui :$bune relecture théologique$9(OLS)http://semarc/title/372707